000 01730nad a2200241M 4500
020 _a0691043825
040 _cMiU
082 _a950 PRI 1996 A101 Or.
245 0 4 _aThe Japanese wartime empire, 1931-1945
260 _aPrinceton, N.J. :
_bPrinceton University Press,
_cc1996.
300 _axlvii, 375 p. :
_bill. ;
_c25 cm.
520 1 _a"With this book the editors complete the three-volume series on modern Japanese colonialism and imperialism that began with The Japanese Colonial Empire, 1895-1945 (Princeton, 1983) and The Japanese Informal Empire in China, 1895-1937 (Princeton, 1989). The Japanese military takeover in Manchuria between 1931 and 1932 was a critical turning point in East Asian history. It marked the first surge of Japanese aggression beyond the boundaries of its older colonial empire and set Japan on a collision course with China and Western colonial powers from 1937 through 1945. These essays seek to illuminate some of the more significant processes and institutions during the period when the empire was at war: the creation of a Japanese-dominated East Asian economic bloc centered in northeast Asia, the mobilization of human and physical resources in the older established areas of Japanese colonial rule, and the penetration and occupation of Southeast Asia." -- Text from book jacket.
650 0 _aWorld War, 1939-1945
650 0 _aWorld War, 1939-1945
650 0 _aSino-Japanese War, 1937-1945
700 1 _aDuus, Peter,
700 1 _aMyers, Ramon Hawley,
700 1 _aPeattie, Mark R.,
700 1 _aZhou, Wanyao.
710 2 _aAmerican Council of Learned Societies.
856 4 0 _uhttp://metlibrary.idm.oclc.org/login?url=http://hdl.handle.net/2027/heb.01938
942 _cEK
999 _c13542
_d13542